000 00905nas a2200277 4500
001 BR2013001245
003 BR-BrBNA
005 20231205121958.0
007 ta
008 230509b bl.|||p| |||| 00| 00por d
040 _aBR-BrBNA
_bpor
_cBiblioteca Nacional de Agricultura
041 _a(Pt)
072 _aS03; Q03
100 1 _aSchumann, S.P.A.
100 1 _aPolônio, M.L.T.
100 1 _aGonçalves, E.C.B. de A.
245 1 _aAvaliação do consumo de corantes artificiais por lactentes, pré-escolares e escolares
650 _aCONTROLE DE QUALIDADE
650 _aGELATINA
650 _aREFRIGERANTE
650 _aCRIANÇA
773 0 _tCiência e Tecnologia de Alimentos (Brazil)
_xISSN 1678-457X
_g(Jul-Sep 2008), V. 28(3) p. 534-539
_wBR2013001245
856 4 0 _uhttp://www.scielo.br/pdf/cta/v28n3/a05v28n3.pdf
909 _a202311
_bLúcia
_c55
_dLúcia Elande
942 _2AGRIS
_n0
_cANA
999 _c226252
_d226252